<?xml version="1.0" encoding="UTF-8"?><?xml-stylesheet type="text/xsl" href="static/style.xsl"?><OAI-PMH xmlns="http://www.openarchives.org/OAI/2.0/" xmlns:xsi="http://www.w3.org/2001/XMLSchema-instance" xsi:schemaLocation="http://www.openarchives.org/OAI/2.0/ http://www.openarchives.org/OAI/2.0/OAI-PMH.xsd"><responseDate>2026-04-27T20:14:44Z</responseDate><request verb="GetRecord" identifier="oai:uvadoc.uva.es:10324/69738" metadataPrefix="marc">https://uvadoc.uva.es/oai/request</request><GetRecord><record><header><identifier>oai:uvadoc.uva.es:10324/69738</identifier><datestamp>2024-09-12T19:04:00Z</datestamp><setSpec>com_10324_38</setSpec><setSpec>col_10324_852</setSpec></header><metadata><record xmlns="http://www.loc.gov/MARC21/slim" xmlns:doc="http://www.lyncode.com/xoai" xmlns:xsi="http://www.w3.org/2001/XMLSchema-instance" xmlns:dcterms="http://purl.org/dc/terms/" xsi:schemaLocation="http://www.loc.gov/MARC21/slim http://www.loc.gov/standards/marcxml/schema/MARC21slim.xsd">
<leader>00925njm 22002777a 4500</leader>
<datafield tag="042" ind1=" " ind2=" ">
<subfield code="a">dc</subfield>
</datafield>
<datafield tag="720" ind1=" " ind2=" ">
<subfield code="a">Calzada Simón, Javier</subfield>
<subfield code="e">author</subfield>
</datafield>
<datafield tag="260" ind1=" " ind2=" ">
<subfield code="c">2024</subfield>
</datafield>
<datafield tag="520" ind1=" " ind2=" ">
<subfield code="a">Este Trabajo Fin de Grado (TFG) presenta una metodología de análisis cualitativo que&#xd;
sirve para comparar diferentes modelos de libros de texto de Educación Primaria,&#xd;
concretamente del área de matemáticas en su segundo curso. Se realiza una revisión&#xd;
detallada de todos ellos, pertenecientes a editoriales y líneas de trabajo diversas y se&#xd;
focaliza en aquellos contenidos que se vinculan al concepto de series matemáticas. Para&#xd;
llevar a cabo esta investigación se elabora un marco teórico relativo a este concepto y al&#xd;
de libro de texto y se elaboran una serie de criterios basados en esa fundamentación previa&#xd;
para clasificar las diferentes actividades vinculadas a la temática elegida. De esta manera,&#xd;
se realiza una comparación entre las tareas de los diferentes libros de texto y estos&#xd;
permiten establecer conclusiones acerca de las potencialidades y carencias concretas de&#xd;
cada uno de los libros analizados. Todo ello complementado con una experiencia real&#xd;
llevada a cabo a partir de tareas de estos manuales.</subfield>
</datafield>
<datafield tag="024" ind2=" " ind1="8">
<subfield code="a">https://uvadoc.uva.es/handle/10324/69738</subfield>
</datafield>
<datafield tag="245" ind1="0" ind2="0">
<subfield code="a">Análisis de series matemáticas en libros de texto</subfield>
</datafield>
</record></metadata></record></GetRecord></OAI-PMH>